• 首页
  • 本馆介绍
  • 公告通知
  • 最新文献
  • 馆藏检索
  • 电子资源
  • 读者导购
  • 参考咨询
  • 我的图书馆
  • 登录
  • 详细信息显示
  • 放入我的书架
  • 预约/预借图书
  • 作者相关作品
  • 分类相关作品
  • 丛书相关作品
  • 出版社相关作品

书目信息

  • 表格格式
  • 工作单格式
  • 卡片格式
题名:
振动与声
    
 
作者: 莫尔斯 著 ;南京大学《振动与声》翻译组 译
分册:  
出版信息: 北京   科学出版社  1974.8
页数: 446页
开本: 20cm
丛书名:
单 册:
中图分类: O42
科图分类:
主题词: 声学
电子资源:
ISBN:
000 00604nam0 2200205 45
001 0312221749
005 20040521093910.0
010    @b精装@dCNY2.20
100    @a20031222d1974 km y0chiy0120 ea
101    @achi
105    @a z 000yy
200 1  @a振动与声@AZhen Dong Yu Sheng@f莫尔斯著@FMo Er Si Zhu@g南京大学《振动与声》翻译组译
210    @a北京@c科学出版社@d1974.8
215    @a446页@d20cm
606 0  @a声学
690    @aO42@v3
701 0  @a莫尔斯@4著
712 02 @a南京大学《振动与声》翻译组@ANan Jing Da Xue《Zhen Dong Yu Sheng》Fan Yi Zu@4译
801    @aCN@bTSTCL@c20031222
905    @dO42@e2
    
    振动与声/莫尔斯著/南京大学《振动与声》翻译组译.-北京:科学出版社,1974.8
    446页;20cm
    
    
    ISBN (精装):CNY2.20
    
●
相关链接 在E读中查询图书 在五车中查询图书 在当当中查询图书 在豆瓣中查询图书


正题名:振动与声     索取号:O42/2         预约/预借

序号 登录号 条形码 馆藏地/架位号 状态 备注
1 0162116   001462134   第三借阅区/ [索取号:O42/2] 在馆    
2 0162117   001462170   第三借阅区/ [索取号:O42/2] 在馆    
3 0162118   202096338   第二样本阅览室/ [索取号:O42/2] 在馆    
唐山师范学院图书馆 欢迎您!
大连网信软件有限公司© 版权所有